[Event "HUN-chT2 Erkel 2324"]
[Site "Hunagry"]
[Date "2023.12.10"]
[Round "3.7"]
[White "Vasyliv, Stanislav"]
[Black "Mester, Attila"]
[Result "1-0"]
[WhiteElo "2186"]
[BlackElo "1984"]
[PlyCount "39"]
[EventDate "2023.10.08"]
[EventType "team-tourn"]
[EventRounds "9"]
[EventCountry "HUN"]
[SourceTitle "EXT 2025"]
[Source "ChessBase"]
[SourceDate "2024.10.14"]
[SourceVersion "1"]
[SourceVersionDate "2024.10.14"]
[SourceQuality "1"]
[WhiteTeam "EUTender Sinus"]
[BlackTeam "Fot"]
[WhiteTeamCountry "HUN"]
[BlackTeamCountry "HUN"]

1. Nf3 Nf6 2. d4 g6 3. c4 Bg7 4. Nc3 d6 5. e4 0-0 6. Be2 e5 7. 0-0 Na6 8. Qc2 exd4 9. Nxd4 Re8 10. Rd1 Nc5 11. f3 a5 12. Be3 Nfd7 13. Qd2 c6 14. Nb3 Qb6 15. Nxc5 dxc5 16. Na4 Qb4 17. Qc2 b5 18. a3 Qxa4 19. b3 Bxa1 20. Rxa1 1-0

[Event "HUN-chT2 Erkel 2223"]
[Site "Hungary"]
[Date "2023.01.29"]
[Round "4.5"]
[White "Mester, Attila"]
[Black "Bernei, Andras"]
[Result "1/2-1/2"]
[WhiteElo "1953"]
[BlackElo "2071"]
[PlyCount "27"]
[EventDate "2022.11.20"]
[EventType "team-tourn"]
[EventRounds "9"]
[EventCountry "HUN"]
[SourceTitle "EXT 2025"]
[Source "ChessBase"]
[SourceDate "2024.10.14"]
[SourceVersion "1"]
[SourceVersionDate "2024.10.14"]
[SourceQuality "1"]
[WhiteTeam "Fot"]
[BlackTeam "Magyar Sakkvilag"]
[WhiteTeamCountry "HUN"]
[BlackTeamCountry "HUN"]

1. d4 d5 2. c4 dxc4 3. Nf3 Nf6 4. e3 e6 5. Bxc4 c5 6. 0-0 a6 7. dxc5 Qxd1 8. Rxd1 Bxc5 9. a3 b5 10. Be2 Bb7 11. b4 Be7 12. Bb2 Nbd7 13. Nbd2 0-0 14. Rac1 1/2-1/2

[Event "HUN-chT2 Maroczy 1819"]
[Site "Hungary"]
[Date "2019.04.28"]
[Round "11.7"]
[White "Mester, Attila"]
[Black "Dobai, Szabolcs"]
[Result "0-1"]
[WhiteElo "2075"]
[BlackElo "2136"]
[PlyCount "80"]
[EventDate "2018.09.23"]
[EventType "team-tourn"]
[EventRounds "11"]
[EventCountry "HUN"]
[SourceTitle "EXT 2021"]
[Source "ChessBase"]
[SourceDate "2020.10.23"]
[SourceVersion "1"]
[SourceVersionDate "2020.10.23"]
[SourceQuality "1"]
[WhiteTeam "Penzugyor II"]
[BlackTeam "Lillafured DVTK II"]
[WhiteTeamCountry "HUN"]
[BlackTeamCountry "HUN"]

1. e4 d6 2. d4 Nf6 3. Nc3 g6 4. Be3 c6 5. h3 Nbd7 6. f4 b5 7. a3 Nb6 8. Nf3 Bg7 9. Bd3 a6 10. 0-0 Qc7 11. e5 Nfd5 12. Nxd5 Nxd5 13. Bd2 0-0 14. Qe1 Bf5 15. Bxf5 gxf5 16. c3 Qd7 17. Ng5 Nc7 18. Qh4 h6 19. Nf3 Nd5 20. Rae1 e6 21. g4 Ne7 22. g5 Kh7 23. exd6 Qxd6 24. Kh2 Ng6 25. Qg3 Rh8 26. Rg1 h5 27. h4 Qd5 28. Kh3 Rad8 29. Bc1 a5 30. Qf2 Bf8 31. Ne5 Kg7 32. Nxg6 Kxg6 33. Re5 Qc4 34. Qe3 Bd6 35. Re1 Rhe8 36. Kh2 Bf8 37. Qf3 Bd6 38. Qe3 Re7 39. Kg1 Red7 40. d5 Bc5 0-1

[Event "HUN-chT2 Maroczy 1819"]
[Site "Hungary"]
[Date "2019.02.10"]
[Round "7.10"]
[White "Csala, Imre"]
[Black "Mester, Attila"]
[Result "0-1"]
[WhiteElo "2077"]
[BlackElo "2075"]
[PlyCount "48"]
[EventDate "2018.09.23"]
[EventType "team-tourn"]
[EventRounds "11"]
[EventCountry "HUN"]
[SourceTitle "EXT 2020"]
[Source "ChessBase"]
[SourceDate "2019.10.17"]
[SourceVersion "1"]
[SourceVersionDate "2019.10.17"]
[SourceQuality "1"]
[WhiteTeam "Toth Laszlo"]
[BlackTeam "Penzugyor II"]
[WhiteTeamCountry "HUN"]
[BlackTeamCountry "HUN"]

1. d4 Nf6 2. Nf3 c5 3. d5 e6 4. c4 exd5 5. cxd5 d6 6. Nc3 g6 7. e4 a6 8. a4 Bg4 9. Qb3 Bxf3 10. gxf3 Qc7 11. Be2 Bg7 12. h4 h5 13. Bf4 Nbd7 14. Bg3 0-0 15. f4 Rfe8 16. f3 Rac8 17. Bc4 Nb6 18. 0-0 Nxc4 19. Qxc4 Qa5 20. e5 Nd7 21. Ne4 dxe5 22. Nd6 exf4 23. Nxe8 fxg3 24. Nxg7 Qd2 0-1

[Event "HUN-chT2 Charousek 1718"]
[Site "Hungary"]
[Date "2018.05.06"]
[Round "9.6"]
[White "Mester, Attila"]
[Black "Kovac, Boris"]
[Result "0-1"]
[WhiteElo "2042"]
[BlackElo "2194"]
[PlyCount "106"]
[EventDate "2017.10.29"]
[EventType "team-tourn"]
[EventRounds "9"]
[EventCountry "HUN"]
[SourceTitle "EXT 2020"]
[Source "ChessBase"]
[SourceDate "2019.10.17"]
[SourceVersion "1"]
[SourceVersionDate "2019.10.17"]
[SourceQuality "1"]
[WhiteTeam "Penzugyor"]
[BlackTeam "Szentgotthard Alsoszolnok"]
[WhiteTeamCountry "HUN"]
[BlackTeamCountry "HUN"]

1. e4 c5 2. Nf3 e6 3. d4 cxd4 4. Nxd4 Nc6 5. Nc3 Qc7 6. g3 a6 7. Bg2 Nf6 8. 0-0 Be7 9. Kh1 0-0 10. f4 Nxd4 11. Qxd4 Bc5 12. Qd1 d6 13. Qe2 Bd7 14. a4 Rac8 15. g4 Bd4 16. Bd2 Bc6 17. g5 Nd7 18. Rf3 Rfe8 19. Rh3 g6 20. Rf1 Nf8 21. Qe1 b5 22. axb5 axb5 23. Nd1 f5 24. Bc3 Bb6 25. Qe2 Qb7 26. Re1 fxe4 27. Bxe4 d5 28. Bg2 d4 29. Bd2 Bxg2+ 30. Qxg2 Qxg2+ 31. Kxg2 Rxc2 32. Re2 e5 33. fxe5 Ba5 34. Rd3 Ne6 35. Kg3 Nxg5 36. Rxd4 Rxd2 37. Rexd2 Bxd2 38. h4 Bc1 39. hxg5 Bxg5 40. Rd5 b4 41. Nf2 Rd8 42. Rb5 Rd4 43. Kf3 h5 44. Ne4 Rd3+ 45. Kf2 Be7 46. Rb7 Kf8 47. Rb8+ Kf7 48. Rb7 Ke6 49. Rb6+ Kxe5 50. Rxg6 Rb3 51. Nd2 Rxb2 52. Ke1 Kf5 53. Rb6 h4 0-1

[Event "Budapest Karacsonyi op 8th"]
[Site "Budapest"]
[Date "2016.12.28"]
[Round "3"]
[White "Mester, Attila"]
[Black "Toth, Nikoletta"]
[Result "1-0"]
[WhiteElo "2072"]
[BlackElo "1691"]
[PlyCount "27"]
[EventDate "2016.12.27"]
[EventType "swiss"]
[EventRounds "7"]
[EventCountry "HUN"]
[SourceTitle "CBM 176 Extra"]
[Source "ChessBase"]
[SourceDate "2017.03.02"]
[SourceVersion "1"]
[SourceVersionDate "2017.03.02"]
[SourceQuality "1"]

1. e4 e5 2. Nf3 Nc6 3. Bc4 Bc5 4. c3 Nf6 5. d3 h6 6. Bb3 d6 7. h3 0-0 8. g4 Nh7 9. Nbd2 Qf6 10. Qe2 Re8 11. Nf1 Ne7 12. Ng3 Bd7 13. Nh5 Qg6 14. Nh4 1-0

[Event "Budapest FS10 FM"]
[Site "Budapest"]
[Date "2015.10.09"]
[Round "7"]
[White "Mester, Attila"]
[Black "Sulcz, Istvan"]
[Result "1-0"]
[WhiteElo "2044"]
[BlackElo "1913"]
[PlyCount "99"]
[EventDate "2015.10.03"]
[EventType "tourn"]
[EventRounds "10"]
[EventCountry "HUN"]
[SourceTitle "CBM 168 Extra"]
[Source "ChessBase"]
[SourceDate "2015.10.29"]
[SourceVersion "1"]
[SourceVersionDate "2015.10.29"]
[SourceQuality "1"]

1. e4 c5 2. Nf3 Nc6 3. Nc3 d6 4. d4 cxd4 5. Nxd4 Nf6 6. Bg5 e6 7. Qd2 Be7 8. 0-0-0 h6 9. Bh4 Nxe4 10. Nxe4 Bxh4 11. Nxc6 bxc6 12. Nxd6+ Kf8 13. g3 Bf6 14. Bg2 Rb8 15. c3 Ba6 16. Qe3 Qb6 17. Qxb6 Rxb6 18. Ne4 Ke7 19. Nc5 Rd8 20. Rxd8 Kxd8 21. Rd1+ Kc8 22. Nd7 Rb5 23. Nxf6 gxf6 24. Bxc6 Rf5 25. f4 Kc7 26. Be4 Rc5 27. Rd4 f5 28. Bf3 f6 29. Kd2 Rc4 30. Rxc4+ Bxc4 31. b3 Ba6 32. Ke3 e5 33. g4 Bc8 34. fxe5 fxe5 35. gxf5 Bxf5 36. Be4 Be6 37. c4 Kd6 38. Bg6 Bh3 39. b4 Be6 40. Bd3 Bh3 41. Be4 Be6 42. c5+ Kc7 43. a3 Bd7 44. Kf3 a5 45. Kg3 axb4 46. axb4 Kb8 47. Kh4 Ka7 48. Kh5 Ka6 49. Bd3+ Ka7 50. b5 1-0

[Event "Budapest FS10 FM"]
[Site "Budapest"]
[Date "2015.10.05"]
[Round "3"]
[White "Mester, Attila"]
[Black "Ongut, Tamas Gunes"]
[Result "1-0"]
[WhiteElo "2044"]
[BlackElo "1897"]
[PlyCount "75"]
[EventDate "2015.10.03"]
[EventType "tourn"]
[EventRounds "10"]
[EventCountry "HUN"]
[SourceTitle "CBM 168 Extra"]
[Source "ChessBase"]
[SourceDate "2015.10.29"]
[SourceVersion "1"]
[SourceVersionDate "2015.10.29"]
[SourceQuality "1"]

1. e4 e6 2. d3 d5 3. Nd2 Nf6 4. Ngf3 c5 5. g3 Nc6 6. Bg2 Be7 7. 0-0 0-0 8. Re1 b6 9. e5 Nd7 10. Nf1 Re8 11. h4 Nf8 12. N1h2 Bb7 13. c3 f6 14. exf6 Bxf6 15. Ng4 Qd6 16. Nxf6+ gxf6 17. h5 e5 18. Nh4 Ne7 19. Qg4+ Kh8 20. Bh6 Ne6 21. Ng6+ hxg6 22. hxg6 Kg8 23. Qh5 Nc6 24. Bg7 Nxg7 25. Qh7+ Kf8 26. Qh8+ Ke7 27. Qxg7+ Kd8 28. Qxb7 Rb8 29. Qf7 Ne7 30. c4 d4 31. g7 Rc8 32. Bh3 Rc7 33. Qf8 f5 34. Bxf5 Qh6 35. Qf7 Qd6 36. Bh7 Ng8 37. Bxg8 Rxf7 38. Bxf7 1-0

[Event "Budapest FS10 FM"]
[Site "Budapest"]
[Date "2015.10.03"]
[Round "1"]
[White "Bensaid, Simon"]
[Black "Mester, Attila"]
[Result "1/2-1/2"]
[WhiteElo "1878"]
[BlackElo "2044"]
[PlyCount "35"]
[EventDate "2015.10.03"]
[EventType "tourn"]
[EventRounds "10"]
[EventCountry "HUN"]
[SourceTitle "CBM 168 Extra"]
[Source "ChessBase"]
[SourceDate "2015.10.29"]
[SourceVersion "1"]
[SourceVersionDate "2015.10.29"]
[SourceQuality "1"]

1. e4 c5 2. Nf3 Nc6 3. d4 cxd4 4. Nxd4 Qb6 5. Nb3 Nf6 6. Nc3 e6 7. Bg5 Be7 8. Qd2 a6 9. f3 0-0 10. 0-0-0 Qc7 11. h4 b5 12. Kb1 b4 13. Nd5 exd5 14. exd5 Qb8 15. dxc6 dxc6 16. Bc4 a5 17. Rde1 Ra7 18. Nd4 1/2-1/2

[Event "Budapest FS10 FM-A"]
[Site "Budapest"]
[Date "2014.10.09"]
[Round "6"]
[White "Hocevar, Nikola"]
[Black "Mester, Attila"]
[Result "1-0"]
[WhiteElo "1964"]
[BlackElo "1996"]
[PlyCount "75"]
[EventDate "2014.10.04"]
[EventType "tourn"]
[EventRounds "9"]
[EventCountry "HUN"]
[SourceTitle "CBM 162 Extra"]
[Source "ChessBase"]
[SourceDate "2014.10.17"]
[SourceVersion "1"]
[SourceVersionDate "2014.10.17"]
[SourceQuality "1"]

1. c4 f5 2. d4 Nf6 3. Nc3 e6 4. e3 d5 5. Nf3 c6 6. Be2 Bd6 7. c5 Bc7 8. b4 0-0 9. a4 Nbd7 10. Bb2 Ne4 11. g3 Qf6 12. Qc2 e5 13. dxe5 Nxe5 14. Nd4 Qh6 15. Bf3 Nxg3 16. fxg3 Qxe3+ 17. Be2 Qxd4 18. Nb5 Nd3+ 19. Bxd3 Qe3+ 20. Qe2 Qxe2+ 21. Kxe2 cxb5 22. axb5 f4 23. Kd2 Bg4 24. gxf4 Bxf4+ 25. Kc2 Be3 26. Rhf1 g6 27. Rxf8+ Rxf8 28. Rxa7 Rf2+ 29. Kb1 Bd1 30. Rxb7 Rd2 31. c6 Bb3 32. c7 Rd1+ 33. Bc1 Rxc1+ 34. Kb2 Bd1 35. Rb8+ Kf7 36. c8Q Rxc8 37. Rxc8 Ke6 38. Re8+ 1-0